书目信息 |
| 题名: |
建筑模型制作
|
|
| 作者: | 科诺 , 黑辛格尔 著 ;王婧 译 | |
| 分册: | ||
| 出版信息: | 大连 大连理工大学出版社 2007.7 |
|
| 页数: | 142页 | |
| 开本: | 28cm | |
| 丛书名: | ||
| 单 册: | ||
| 中图分类: | TU205 | |
| 科图分类: | ||
| 主题词: | 模型(建筑)--制作 , 模型(建筑) | |
| 电子资源: | ||
| ISBN: | 978-7-5611-2008-8 | |
| 000 | 01131nam0 2200289 450 | |
| 001 | 0400003201 | |
| 005 | 20171026101522.46 | |
| 010 | @a978-7-5611-2008-8@dCNY45.00 | |
| 100 | @a20171021e20172007em y0chiy ea | |
| 101 | 1 | @achi@cger |
| 102 | @aCN@b210000 | |
| 105 | @aa z 001yy | |
| 106 | @ar | |
| 200 | 1 | @a建筑模型制作@9jian zhu mo xing zhi zuo@e模型思路的激发@dArchitektur-modelle@eanregungen zu ihrem bau@f(德)沃尔夫冈·科诺(Wolfgang Knoll),(德)马丁·黑辛格尔(Martin Hechinger)著@g王婧译@zger |
| 205 | @a第2版 | |
| 210 | @a大连@c大连理工大学出版社@d2007.7@h2017.1 | |
| 215 | @a142页@c图@d28cm | |
| 330 | @a本书主要内容包括:地形学、材料和工具、工作场所、工作的事前准备、零件的制造、电脑制作模型、模型中的色彩、成品范例等。 | |
| 510 | 1 | @aArchitektur-modelle@eanregungen zu ihrem bau@zeng |
| 606 | 0 | @a模型(建筑)@x制作 |
| 606 | 0 | @a模型(建筑) |
| 690 | @aTU205@v4 | |
| 701 | 0 | @c(德)@a科诺@9ke nuo@c(Knoll, Wolfang)@4著 |
| 701 | 0 | @c(德)@a黑辛格尔@9hei xin ge er@c(Hechinger, Martin)@4著 |
| 702 | 0 | @a王婧@9wang jing@c(建筑)@4译 |
| 801 | 0 | @aCN@b91MARC@c20171021 |
| 905 | @b1035746-50@dTU205@f5@e1248=2 | |
| 建筑模型制作:模型思路的激发=Architektur-modelle:anregungen zu ihrem bau/(德)沃尔夫冈·科诺(Wolfgang Knoll),(德)马丁·黑辛格尔(Martin Hechinger)著/王婧译.-第2版.-大连:大连理工大学出版社,2007.7(2017.1) |
| 142页:图;28cm |
| ISBN 978-7-5611-2008-8:CNY45.00 |
| 本书主要内容包括:地形学、材料和工具、工作场所、工作的事前准备、零件的制造、电脑制作模型、模型中的色彩、成品范例等。 |
| ● |
| 相关链接 |
|
|
|
|
正题名:建筑模型制作
索取号:TU205/1248=2
 
预约/预借
| 序号 | 登录号 | 条形码 | 馆藏地/架位号 | 状态 | 备注 |
| 1 | 1035746 | 210357460 | 第二样本阅览室/ [索取号:TU205/1248=2] | 在馆 | |
| 2 | 1035747 | 210357479 | 密集书库-生命科学系/ [索取号:TU205/1248=2] | 在馆 | |
| 3 | 1035748 | 210357488 | 第三借阅区/ [索取号:TU205/1248=2] | 在馆 | |
| 4 | 1035749 | 210357497 | 第三借阅区/ [索取号:TU205/1248=2] | 在馆 | |
| 5 | 1035750 | 210357503 | 第三借阅区/ [索取号:TU205/1248=2] | 在馆 |